[Event "Washington Open Championship"]
[Site "Seattle, WA"]
[Date "2014.05.24"]
[Round "2"]
[White "Ortolano Alden  (WA)"]
[Black "Cross Jason  (WA)"]
[Result "1-0"]
[WhiteElo "1277"]
[BlackElo "1589"]
[Annotator ""]
[Source ""]
[Remark "Reserve"]

1.e4 c6 2.d4 d5 3.Nc3 dxe4 4.Nxe4 Nd7 5.Nf3 Ngf6 6.Ng3 Nb6 7.Bd3
Bg4 8.c3 e6 9.Bf4 Nbd5 10.Bd2 b5 11.O-O Qb6 12.Qe2 Bd6 13.Nf5
Bxf5 14.Bxf5 O-O 15.Bc2 a5 16.Ne5 Qc7 17.Rae1 c5 18.Bb1 c4 19.Qf3
b4 20.Qg3 Ne7 21.Qf3 Rfb8 22.Be4 Nxe4 23.Qxf7+ Kh8 24.Rxe4 Bxe5
25.Rxe5 Rf8 26.Qxe6 Ng6 27.Rc5 Qb7 28.Qd5 Qb8 29.Qxc4 bxc3 30.bxc3
Ra7 31.Rb5 Qe8 32.Re1 Qd7 33.d5 Rc7 34.Rc5 Rb7 35.Rc6 Qf5 36.Qd4
Rb1 37.Rce6 Rb2 38.d6 Rxd2 39.Qxd2 Nf4 40.Re8 Kg8 41.d7 Nd3 42.Rxf8+ 1-0

[Event "Washington Open Championship"]
[Site "Seattle, WA"]
[Date "2014.05.24"]
[Round "2"]
[White "Golub David  (WA)"]
[Black "Haining Kyle  (WA)"]
[Result "1-0"]
[WhiteElo "2259"]
[BlackElo "2054"]
[Annotator ""]
[Source ""]
[Remark "Open"]

1.Nf3 g6 2.c4 Bg7 3.Nc3 c5 4.e3 Nf6 5.d4 O-O 6.Be2 d6 7.O-O Nc6
8.d5 Nb4 9.e4 e6 10.a3 Na6 11.Be3 exd5 12.exd5 Bf5 13.Bd3 Bg4
14.h3 Bxf3 15.Qxf3 Nd7 16.Qd1 Ne5 17.Be2 f5 18.Qd2 Nf7 19.Rfe1
Nb8 20.Bd3 Nd7 21.Ne2 Qf6 22.Rab1 Rae8 23.Nf4 Nd8 24.Qa5 a6 25.b4
g5 26.Nh5 Qc3 27.Bf1 f4 28.Rec1 fxe3 29.Rxc3 exf2+ 30.Kh2 Bxc3
31.Qa4 Re1 32.Qc2 Re3 33.Rb3 Be5+ 34.g3 Re1 35.Kg2 Nf6 36.Nxf6+
Rxf6 37.Qd2 Bd4 38.Qxg5+ Kf8 39.bxc5 dxc5 40.Rb6 Ke7 41.Rxf6
Bxf6 42.d6+ Ke6 43.Qxc5 Nc6 44.Qd5+ Kd7 45.c5 Bd8 46.Qf5+ Ke8
47.Kxf2 Re5 48.Qxh7 Rxc5 49.Bc4 Bb6 50.Kg2 Re5 51.Qxb7 Rc5 52.d7+
Kf8 53.Qxb6 Rxc4 54.Qxc6 Rxc6 55.d8Q+ 1-0

[Event "Washington Open Championship"]
[Site "Seattle, WA"]
[Date "2014.05.24"]
[Round "2"]
[White "Haining Breck  (WA)"]
[Black "Thakur Eamon  (WA)"]
[Result "0-1"]
[WhiteElo "1350"]
[BlackElo "1053"]
[Annotator ""]
[Source ""]
[Remark "Booster"]

1.e4 c5 2.Nf3 Nc6 3.Nc3 g6 4.d4 cxd4 5.Nxd4 Bg7 6.Be3 Nf6 7.Be2
Qa5 8.Nb3 Qc7 9.O-O O-O 10.Qd2 Rd8 11.Bh6 Bh8 12.Rad1 Qe5 13.Bf3
d6 14.Bf4 Qe6 15.Ne2 Nxe4 16.Bxe4 Qxe4 17.Ng3 Qb4 18.c3 Qb6 19.Rfe1
Bg4 20.Be3 Qc7 21.Rc1 Ne5 22.Nd4 Nc4 23.Qc2 e5 24.Nb3 Rac8 25.f3
Be6 26.Bg5 Re8 27.Ne4 Bf5 28.Qf2 Re6 29.Qh4 Qb6+ 30.Kh1 d5 31.Rcd1
Qc6 32.Ng3 Bc2 33.Rc1 Bxb3 34.axb3 Nxb2 35.Re3 d4 36.Re4 Nd3
37.Rf1 dxc3 38.Nh5 c2 39.Rc4 Qd7 40.Rxc8+ Qxc8 41.Ng3 Qc5 42.Ne4
Qb6 43.Bh6 Qc7 44.Nc3 Bf6 45.Qc4 Rc6 46.Qxd3 Rxc3 47.Qd2 Rxb3
48.h3 Rb1 49.Rc1 e4 50.fxe4 Bb2 51.Qb4 Rxc1+ 52.Bxc1 Bxc1 53.e5
Bf4 54.Qxf4 c1Q+ 55.Kh2 Qxf4+ 0-1

[Event "Washington Open Championship"]
[Site "Seattle, WA"]
[Date "2014.05.25"]
[Round "3"]
[White "Sinanan Joshua  (WA)"]
[Black "Dixon Dakota  (WA)"]
[Result "1-0"]
[WhiteElo "2268"]
[BlackElo "2109"]
[Annotator ""]
[Source ""]
[Remark "Open"]

1.d4 Nf6 2.c4 g6 3.Nc3 Bg7 4.e4 d6 5.Nge2 O-O 6.Ng3 e5 7.d5 Nbd7
8.Be2 a5 9.Be3 Nc5 10.Qd2 Ne8 11.O-O-O f5 12.exf5 gxf5 13.f4
e4 14.Nh5 Bh8 15.h3 Nf6 16.Nxf6+ Bxf6 17.Kb1 Bd7 18.g4 Kh8 19.g5
Bg7 20.h4 Qe7 21.h5 h6 22.gxh6 Bxh6 23.Rdg1 Kh7 24.Bf1 Rg8 25.Rg6
Be8 26.Rxg8 Kxg8 27.Rg1+ Kh7 28.Bh3 Bd7 29.Nb5 Nd3 30.Qg2 Qf7
31.Qg6+ Qxg6 32.hxg6+ Kg7 33.Nxc7 Rf8 34.Bd4+ Kg8 35.Ne6 Bxe6
36.dxe6 Nxf4 37.Bxf5 Re8 38.Re1 Nxe6 39.Rxe4 Ng7 40.Rxe8+ Nxe8
41.Be4 Kf8 42.Bxb7 Ke7 43.Bc6 Ng7 44.Bc3 Ne6 45.Bxa5 Nf4 46.Bd2
Kf6 47.Be4 Ke5 48.Bc2 Kf6 49.a4 1-0

[Event "Washington Open Championship"]
[Site "Seattle, WA"]
[Date "2014.05.25"]
[Round "3"]
[White "McCorkle Wade  (WA)"]
[Black "Thakur Asher  (WA)"]
[Result "0-1"]
[WhiteElo "1297"]
[BlackElo "1150"]
[Annotator ""]
[Source ""]
[Remark "Booster"]

1.Nf3 d5 2.d4 Nf6 3.Bf4 Bg4 4.e3 e6 5.Be2 c5 6.c3 Nc6 7.O-O Qb6
8.b3 Be7 9.Ne5 Bxe2 10.Qxe2 O-O 11.Nd2 Bd6 12.Nxc6 Qxc6 13.Bxd6
Qxd6 14.dxc5 Qxc5 15.c4 a5 16.a3 Rfc8 17.Rac1 Qxa3 18.e4 b5 19.exd5
Nxd5 20.cxd5 Rxc1 21.dxe6 Rxf1+ 22.Nxf1 Qxb3 23.exf7+ Qxf7 24.Qxb5
a4 25.Qb1 a3 26.Qe4 Ra7 27.Qb4 h6 28.Qb8+ Kh7 29.Qb1+ g6 30.g3
a2 31.Qa1 Qg7 0-1

[Event "Washington Open Championship"]
[Site "Seattle, WA"]
[Date "2014.05.25"]
[Round "3"]
[White "Wade James  (WA)"]
[Black "Cross Jason  (WA)"]
[Result "0-1"]
[WhiteElo "1255"]
[BlackElo "1589"]
[Annotator ""]
[Source ""]
[Remark "Reserve"]

1.e4 c5 2.d4 cxd4 3.c3 dxc3 4.Nxc3 Nc6 5.Bc4 Nf6 6.Nf3 d6 7.h3
Be6 8.Bxe6 fxe6 9.Qb3 Qc8 10.Ng5 Nd4 11.Qa4+ Nc6 12.Qb3 Nd8 13.O-O
h6 14.Nf3 Nc6 15.h4 g6 16.Be3 Bg7 17.Rad1 O-O 18.Qc2 Ng4 19.Nh2
Nce5 20.Qe2 h5 21.f3 Nxe3 22.Qxe3 Nc4 23.Qe2 a6 24.Rc1 Bh6 25.Rc2
Ne3 26.Qd3 Kh7 27.Rfc1 Nxc2 28.Qxc2 Qc5+ 29.Kh1 Rac8 30.Qd1 Bf4
31.Nf1 Qe5 32.Qd3 Bg3 33.Nxg3 Qxg3 0-1

[Event "Washington Open Championship"]
[Site "Seattle, WA"]
[Date "2014.05.25"]
[Round "3"]
[White "Haining Breck  (WA)"]
[Black "Cohen Jed  (WA)"]
[Result "0-1"]
[WhiteElo "1350"]
[BlackElo "1090"]
[Annotator ""]
[Source ""]
[Remark "Booster"]

1.e4 e5 2.Nf3 Nc6 3.d4 exd4 4.Nxd4 Bc5 5.c3 Nf6 6.Bd3 Nxd4 7.cxd4
Bxd4 8.O-O O-O 9.Nd2 d6 10.Nf3 Bb6 11.Bg5 h6 12.Bh4 Re8 13.h3
Qe7 14.Re1 Bc5 15.e5 dxe5 16.Nxe5 ( 16.Rxe5 $14 ) Qd6 17.Nf3
Rxe1+ 18.Nxe1 Bd7 19.Rc1 Re8 20.Nf3 Bc6 21.Bxf6 gxf6 22.Bc2 Qxd1+
23.Bxd1 Bd6 24.Rc2 Bxf3 25.gxf3 Re1+ 26.Kg2 Rxd1 27.b3 Kg7 28.Re2
Be5 29.Rc2 Rb1 30.Re2 Rb2 31.Rxb2 Bxb2 32.Kg3 Be5+ 33.f4 Bd6
34.Kg4 c5 35.h4 b5 36.Kf3 Kg6 37.Ke4 f5+ 38.Kd5 Bf8 39.f3 Kf6
40.h5 Be7 41.a3 Bf8 0-1

[Event "Washington Open Championship"]
[Site "Seattle, WA"]
[Date "2014.05.25"]
[Round "3"]
[White "Archer Shawn  (WA)"]
[Black "Thakur Eamon  (WA)"]
[Result "1-0"]
[WhiteElo "1266"]
[BlackElo "1053"]
[Annotator ""]
[Source ""]
[Remark "Booster"]

1.e4 c5 2.Nf3 Nc6 3.g3 g6 4.Bg2 Bg7 5.O-O Nf6 6.Re1 O-O 7.c3
d5 8.exd5 Nxd5 9.Na3 Bg4 10.Nc2 Qd6 11.Ne3 Ne5 12.Nxg4 Nxg4 13.d4
Rac8 14.Ng5 Ngf6 15.Qb3 Qd7 16.Ne4 Nxe4 17.Bxe4 c4 18.Qa3 Ra8
19.Bxd5 Qxd5 20.Qxe7 Rae8 21.Qxe8 Rxe8 22.Rxe8+ Bf8 23.Bh6 Qd6
24.Rae1 f5 25.Rxf8+ Qxf8 26.Bxf8 Kxf8 27.f4 Kf7 28.d5 Kg7 29.d6
b5 30.d7 a5 31.d8Q Kh6 32.Qg5+ Kg7 33.Re7+ Kg8 34.Qf6 b4 35.Qg7# 1-0

[Event "Washington Open Championship"]
[Site "Seattle, WA"]
[Date "2014.05.25"]
[Round "3"]
[White "Mathews Dan  (WA)"]
[Black "Bashkansky Naomi (WA)"]
[Result "1/2-1/2"]
[WhiteElo "1764"]
[BlackElo "1683"]
[Annotator ""]
[Source ""]
[Remark "Premier"]

1.e4 e5 2.Nf3 Nc6 3.d4 exd4 4.Nxd4 Bc5 5.Nxc6 Qf6 6.Qf3 dxc6
7.Qxf6 Nxf6 8.Bd3 Be6 9.O-O O-O-O 10.Nc3 h6 11.Na4 Bd4 12.Nc3
g5 13.Ne2 Bc5 14.a3 Bg4 15.Ng3 Nh5 16.Nxh5 Bxh5 17.Bd2 Bd4 18.Bc3
Bxc3 19.bxc3 Rhe8 20.f4 f6 21.fxg5 fxg5 22.Rf6 Rd6 23.Raf1 Kd7
24.h3 Bg6 25.Rxd6+ cxd6 26.Rf6 Re6 27.Rxe6 Kxe6 28.Kf2 Ke5 29.Ke3
b5 30.g3 a6 31.Kf3 h5 32.Ke3 c5 33.Be2 Bxe4 34.Bxh5 Bxc2 35.Be8
d5 36.h4 gxh4 37.gxh4 Kf5 38.Bd7+ Kg6 39.Bg4 Bf5 40.Bf3 Be6 41.Kf4
d4 42.cxd4 cxd4 43.Ke4 a5 44.Kxd4 b4 45.axb4 axb4 46.Kd3 b3 1/2-1/2

[Event "Washington Open Championship"]
[Site "Seattle, WA"]
[Date "2014.05.24"]
[Round "1"]
[White "Bashkansky Naomi (WA)"]
[Black "Nelson James  (WA)"]
[Result "1-0"]
[WhiteElo "1683"]
[BlackElo "1631"]
[Annotator ""]
[Source ""]
[Remark "Premier"]

1.d4 d5 2.e3 Nf6 3.Bd3 Bg4 4.Nf3 c6 5.b3 e6 6.O-O Bd6 7.Bb2 Qc7
8.h3 Bh5 9.Nbd2 Nbd7 10.Qe1 Bg6 11.Rc1 Ne4 12.Qe2 Ndf6 13.Ne5
Nxd2 14.Qxd2 Ne4 15.Qe2 Bxe5 16.dxe5 Nc5 17.Bd4 Nd7 18.f4 c5
19.Bb2 Rc8 20.c4 dxc4 21.Bxc4 O-O 22.e4 Nb6 23.f5 Nxc4 24.Rxc4
b5 25.Rcc1 Qb6 26.Kh1 Rcd8 27.fxg6 hxg6 28.Rfd1 Qa5 29.Rxc5 Rxd1+
30.Qxd1 Rd8 31.Qb1 Qb4 32.Rc3 Rd2 33.Rc8+ Kh7 34.Qe1 g5 35.Rd8
( 35.Bc3 ) 1-0

[Event "Washington Open Championship"]
[Site "Seattle, WA"]
[Date "2014.05.25"]
[Round "1"]
[White "Fike Jason  (WA)"]
[Black "Michailov George  (WA)"]
[Result "1/2-1/2"]
[WhiteElo "1503"]
[BlackElo "1058"]
[Annotator ""]
[Source ""]
[Remark "Booster"]

1.e4 c5 2.c3 d5 3.exd5 Qxd5 4.Qf3 Qxf3 5.Nxf3 Nf6 6.Bc4 e6 7.O-O
Bd6 8.d4 cxd4 9.Nxd4 Bd7 10.Re1 Nc6 11.Nf3 Bf8 12.Bf4 O-O-O 13.Nd4
Nxd4 14.cxd4 Bb4 15.Rc1 Bc6 16.Be5 Be7 17.Nc3 Rhg8 18.Nb5 a6
19.Na7+ Kd7 20.Nxc6 bxc6 21.Bxa6 Ng4 22.Bb7 c5 23.b4 Nxe5 24.dxe5
Kc7 25.Be4 Rd4 26.Bxh7 Rh8 27.Bc2 Rxb4 28.Rab1 Rc4 29.Bb3 Re4
30.Re1 Rd4 31.a4 Bg5 32.a5 Bd2 33.Red1 Bxa5 34.Rxd4 cxd4 35.Ra1
Bb6 36.h3 Rh5 37.f4 Rh4 38.Rf1 d3+ 39.Kh2 Rh8 40.Rd1 Rd8 41.Kg3
d2 42.Kf3 Ba5 43.Ke2 Rd4 44.g3 Re4+ 45.Kf3 Re1 46.h4 Kd7 47.Kg4
Re3 48.Bc2 Kc6 49.Kh3 Kc5 50.Kg2 Kd4 51.Kf2 Ra3 52.Bh7 Kc3 53.Bg8
Kc2 54.Rxd2+ Bxd2 55.Bxf7 Ra6 56.Kf3 Kd3 57.g4 Kd4 58.g5 Kd3
59.h5 Ra8 60.Bxe6 Rf8 61.f5 Bxg5 62.Kg4 Bh6 63.Bd7 Ke4 64.e6
Rxf5 65.e7 Re5 66.e8Q Rxe8 67.Bxe8 Ke5 68.Bg6 1/2-1/2

[Event "Washington Open Championship"]
[Site "Seattle, WA"]
[Date "2014.05.25"]
[Round "2"]
[White "Pothukuchi Revanth  (WA)"]
[Black "Fike Jason  (WA)"]
[Result "0-1"]
[WhiteElo "1343"]
[BlackElo "1503"]
[Annotator ""]
[Source ""]
[Remark "Booster"]

1.e4 e5 2.Nf3 Nc6 3.Bc4 Bc5 4.b4 Bxb4 5.c3 Bc5 6.d4 exd4 7.O-O
Nge7 8.cxd4 Bb6 9.e5 d6 10.exd6 cxd6 11.d5 Na5 12.Qa4+ Bd7 13.Bb5
Rc8 14.Bxd7+ Qxd7 15.Qxd7+ Kxd7 16.Bb2 f6 17.Na3 Nc4 18.Nxc4
Rxc4 19.Rac1 Rxc1 20.Bxc1 Nxd5 21.Rd1 Rc8 22.Ba3 Bc5 23.Bxc5
Rxc5 24.Nd4 Nc3 25.Ra1 Rd5 26.Nf3 Rd1+ 27.Rxd1 Nxd1 28.Nd2 Nc3
29.a3 Kc6 30.Kf1 Kd5 31.Ke1 Nb5 32.Nb1 Kd4 33.Kd2 d5 34.h3 Kc4
35.Kc2 g5 36.g4 Nd4+ 37.Kc1 Kd3 38.Kd1 Nf3 39.a4 Ng1 40.a5 Nxh3
41.Nd2 Nxf2+ 42.Ke1 Nxg4 43.Nb3 b6 44.axb6 axb6 45.Nd2 b5 46.Kd1
Ne3+ 0-1

[Event "Washington Open Championship"]
[Site "Seattle, WA"]
[Date "2014.05.25"]
[Round "3"]
[White "Haining Kyle  (WA)"]
[Black "Pazderic Nicola  (WA)"]
[Result "1/2-1/2"]
[WhiteElo "2054"]
[BlackElo "1915"]
[Annotator ""]
[Source ""]
[Remark "Open"]

1.e4 c5 2.Nf3 Nc6 3.d4 cxd4 4.Nxd4 Nf6 5.Nc3 d6 6.Bg5 e6 7.f3
a6 8.Qd2 Qc7 9.O-O-O Be7 10.Be3 O-O 11.g4 Nd7 12.f4 Rd8 13.g5
Nxd4 14.Bxd4 b5 15.f5 Ne5 16.f6 gxf6 17.gxf6 Bxf6 18.Qh6 Qe7
19.Rg1+ Kh8 20.Bh3 Ng6 21.Be3 Bg7 22.Qh5 Kg8 23.Rdf1 Bd7 24.Bg5
f6 25.Bd2 Rac8 26.Ne2 Rc5 27.Qf3 Rdc8 28.c3 b4 29.Kb1 bxc3 30.Bxc3
Rf8 31.Ng3 Ne5 32.Qe2 {%02?!$17} ( 32.Bxe5 {=} ) Bb5 33.Qe3 Bxf1
34.Bxf1 Ng6 35.Be2 a5 36.Nh5 Bh8 37.h4 Rf7 38.Bd4 Rc8 39.Nf4
Rg7 40.Nh5 Rf7 41.Nf4 Bg7 1/2-1/2

[Event "Washington Open Championship"]
[Site "Seattle, WA"]
[Date "2014.05.25"]
[Round "3"]
[White "La Rocque Luke  (WA)"]
[Black "Pothukuchi Revanth  (WA)"]
[Result "0-1"]
[WhiteElo "1055"]
[BlackElo "1343"]
[Annotator ""]
[Source ""]
[Remark "Booster"]

1.c4 e5 2.g3 g6 3.Bg2 Bg7 4.e4 d6 5.Nc3 f5 6.d3 Ne7 7.Nge2 O-O
8.O-O Be6 9.Be3 Nbc6 10.Qd2 Qd7 11.f4 exf4 12.Nxf4 Bf7 13.Bh3
Nd4 14.Rf2 Qc6 15.Nfd5 Nxd5 16.cxd5 Qd7 17.Bh6 Be8 18.Raf1 Qc8
19.g4 Bd7 20.Bxg7 Kxg7 21.Qe3 c5 22.gxf5 gxf5 23.Qg5+ Kh8 24.Rg2
Rf7 25.Nd1 Qg8 26.Qh6 Qf8 27.Rg6 Qxh6 28.Rxh6 Rg8+ 29.Kh1 Rg6
30.Rxg6 hxg6 31.Ne3 b5 32.Ng4 Kg7 33.Ne3 Kf8 34.Rf2 Ke8 35.Kg2
Re7 36.Kf1 fxe4 37.Bxd7+ Kxd7 38.Nc2 Nxc2 39.Rxc2 exd3 40.Rd2
c4 41.Kf2 Re5 42.Kf3 Rxd5 43.h4 Ke6 44.Rd1 Kf5 45.Kg3 Ke4 46.Re1+
Kd4 47.Kf4 Re5 48.Rd1 Re4+ 49.Kg5 d2 50.Kxg6 0-1

[Event "Washington Open Championship"]
[Site "Seattle, WA"]
[Date "2014.05.25"]
[Round "3"]
[White "Olson Travis  (WA)"]
[Black "Abdul-Mujeeb Numan  (WA)"]
[Result "0-1"]
[WhiteElo "1792"]
[BlackElo "1724"]
[Annotator ""]
[Source ""]
[Remark "Premier"]

1.d4 e6 2.c4 d5 3.Nf3 Nf6 4.Nc3 Be7 5.e3 Nbd7 6.Bd3 O-O 7.O-O
c6 8.Qc2 dxc4 9.Bxc4 Nb6 10.Bd3 g6 11.Rd1 Nfd5 12.a3 Bd7 13.e4
Nxc3 14.bxc3 c5 15.a4 cxd4 16.a5 Nc8 17.cxd4 a6 18.Bf4 Nd6 19.Rdb1
Rc8 20.Qe2 Nb5 21.Bxb5 Bxb5 22.Rxb5 axb5 23.Qxb5 g5 24.Bxg5 Bxg5
25.Qxg5+ Qxg5 26.Nxg5 Rc4 27.Kf1 Rfc8 28.Ke2 Rxd4 29.Rb1 h6 30.Nf3
Rxe4+ 31.Kd3 Ra4 32.Rxb7 Rxa5 33.Ke3 Rc2 34.Rb4 Ra3+ 35.Kf4 Rxf2
36.Kg3 Raa2 37.Nh4 e5 38.Re4 Rfe2 39.Rxe2 Rxe2 40.Kf3 Ra2 41.Nf5
Kh7 42.h3 Kg6 43.Ke4 Ra4+ 44.Kxe5 Ra5+ 45.Kf4 Rxf5+ 46.Kg4 h5+
47.Kh4 Rf4+ 48.Kg3 Kg5 49.Kh2 h4 50.Kg1 Rf6 51.Kh2 Kf4 52.g3+
hxg3+ 53.Kg2 Rh6 54.h4 Rxh4 55.Kf1 Rh2 56.Ke1 Ke3 57.Kf1 f5 58.Kg1
f4 59.Kf1 f3 60.Kg1 f2+ 0-1

[Event "Washington Open Championship"]
[Site "Seattle, WA"]
[Date "2014.05.25"]
[Round "3"]
[White "Yang Jason  (WA)"]
[Black "Gutman Richard  (OR)"]
[Result "0-1"]
[WhiteElo "1839"]
[BlackElo "2050"]
[Annotator ""]
[Source ""]
[Remark "Open"]

1.d4 Nf6 2.c4 e6 3.Nc3 Bb4 4.Nf3 O-O 5.Bd2 d5 6.e3 a6 7.cxd5
exd5 8.Bd3 Re8 9.O-O c5 10.dxc5 Bxc5 11.Qc2 Nc6 12.a3 Bg4 13.Ne2
Bxf3 14.Qxc5 Ne4 15.Qc2 Ne5 16.Ng3 Rc8 17.Bc3 Qh4 18.gxf3 Nxf3+
19.Kg2 Rxc3 20.Qa4 b5 21.Bxb5 axb5 22.Qxb5 Qxh2+ 23.Kxf3 Ng5+
24.Ke2 Rcxe3+ 25.Kd1 R3e5 26.f4 Nf3 27.Qxe8+ Rxe8 28.Rxf3 Qg2
29.Rf1 Qxg3 30.Kc2 Re2+ 31.Kb1 Qd3+ 32.Ka2 Qc4+ 33.Kb1 Qc2+ 34.Ka2
Qxb2# 0-1

[Event "Washington Open Championship"]
[Site "Seattle, WA"]
[Date "2014.05.25"]
[Round "3"]
[White "Su Michael  (CAN)"]
[Black "Arganian David (WA)"]
[Result "0-1"]
[WhiteElo "1734"]
[BlackElo "2008"]
[Annotator ""]
[Source ""]
[Remark "Open"]

1.d4 Nf6 2.c4 e6 3.Nc3 Bb4 4.e3 b6 5.Nge2 Ba6 6.a3 Bxc3+ 7.Nxc3
d5 8.Qa4+ Qd7 9.Qxd7+ Kxd7 10.cxd5 exd5 11.b4 Bxf1 12.Rxf1 Re8
13.f3 Nc6 14.Kf2 h5 15.Bb2 Re7 16.Rfe1 Rae8 17.Re2 g5 18.Rae1
g4 19.Rg1 Nd8 20.Bc1 Nb7 21.Rge1 Nd6 22.h3 c6 23.Rh1 Rg8 24.Rhe1
Rge8 25.Rh1 Nf5 26.Rhe1 Rg8 27.Rd1 gxf3 28.gxf3 Rg3 29.e4 dxe4
30.Nxe4 Nxe4+ 31.fxe4 Rxh3 32.Bg5 Rh2+ 33.Kf3 Rxe2 34.Bxe7 Re3+
35.Kf4 Kxe7 36.Kxf5 Rxa3 37.Kg5 Rb3 38.Ra1 Rxb4 39.Rxa7+ Ke6
40.d5+ cxd5 41.exd5+ Kxd5 42.Kxh5 Rf4 43.Kg5 Rf1 44.Rb7 Kc6 45.Rb8
b5 46.Rc8+ Kd5 47.Rb8 Kc4 48.Rc8+ Kb3 49.Rb8 b4 50.Kg4 Kc3 51.Kg3
b3 52.Kg2 Rf4 53.Kg3 Rb4 0-1

[Event "Washington Open Championship"]
[Site "Seattle, WA"]
[Date "2014.05.25"]
[Round "3"]
[White "Campbell Tim  (WA)"]
[Black "Davis Frederick  (WA)"]
[Result "0-1"]
[WhiteElo "1739"]
[BlackElo "1811"]
[Annotator ""]
[Source ""]
[Remark "Premier"]

1.e4 c5 2.Nf3 e6 3.d4 cxd4 4.Nxd4 Nf6 5.Nc3 d6 6.f4 a6 7.Be3
Be7 8.h3 b5 9.Bd3 Qc7 10.Qf3 Bb7 11.Qg3 Rg8 12.a3 Nbd7 13.Nf3
h6 14.Bd4 Nc5 15.Nd2 d5 16.Bxf6 Bxf6 17.e5 Nxd3+ 18.Qxd3 Be7
19.Nf3 d4 20.Nxd4 Bxg2 21.Rg1 Bh4+ 22.Ke2 Bb7 23.Qh7 O-O-O 24.Qd3
g5 25.Ne4 Bxe4 26.Qxe4 Qc4+ 27.Ke3 gxf4+ 28.Kf3 Rxg1 29.Qa8+
Kd7 30.Qa7+ Qc7 31.Qxa6 Rxa1 32.Qxb5+ Kc8 33.Qa6+ Qb7+ 0-1

[Event "Washington Open Championship"]
[Site "Seattle, WA"]
[Date "2014.05.24"]
[Round "1"]
[White "Gulamali Faris  (WA)"]
[Black "Sang Tian  (WA)"]
[Result "0-1"]
[WhiteElo "1900"]
[BlackElo "2317"]
[Annotator ""]
[Source ""]
[Remark "Open"]

1.d4 Nf6 2.c4 e6 3.Nc3 Bb4 4.Bd2 d5 5.e3 O-O 6.Nf3 b6 7.a3 Be7
8.Be2 Bb7 9.O-O Nbd7 10.b4 dxc4 11.Bxc4 Ne4 12.Nxe4 Bxe4 13.Bc3
Bd6 14.d5 e5 15.Nd2 Bg6 16.f4 f5 17.Nf3 Bh5 18.Qd2 Bxf3 19.Rxf3
exf4 20.exf4 Nf6 21.Qb2 Qd7 22.Re1 Ne4 23.Bd4 a5 24.bxa5 Rxa5
25.Be5 Rf7 26.h3 Qa4 27.Ba2 Bxa3 28.Qe2 Bc5+ 29.Kh2 Qxa2 30.Qd1
Bb4 31.Re2 Qxd5 32.Rd3 Qe6 33.Rd8+ Bf8 34.Re3 Rxe5 35.fxe5 Qxe5+
36.Kg1 Qc5 37.Rd4 Bd6 38.Qd3 Qc1+ 39.Qd1 Qxe3+ 0-1

[Event "Washington Open Championship"]
[Site "Seattle, WA"]
[Date "2014.05.25"]
[Round "2"]
[White "Buck Stephen  (WA)"]
[Black "Anthony Ralph  (WA)"]
[Result "1/2-1/2"]
[WhiteElo "1731"]
[BlackElo "1707"]
[Annotator ""]
[Source ""]
[Remark "Premier"]

1.c4 Nf6 2.Nc3 g6 3.g3 Bg7 4.Bg2 O-O 5.Nf3 d6 6.O-O c5 7.d4 cxd4
8.Qxd4 Nc6 9.Qf4 Bd7 10.Rb1 Rc8 11.b3 Qa5 12.Bb2 a6 13.Rfd1 Bf5
14.e4 Bxe4 15.h3 Bxf3 16.Bxf3 Ne5 17.Bg2 Nh5 18.Qd2 Rfe8 19.Kh2
b5 20.cxb5 Nf3+ 21.Bxf3 Bxc3 22.Bxc3 Qxc3 23.Qxc3 Rxc3 24.Bxh5
gxh5 25.bxa6 Rc2 26.Kg1 Ra8 27.b4 Rxa6 28.b5 Raxa2 29.Rf1 Rab2
30.b6 Rxf2 31.Rfc1 Rg2+ 32.Kf1 Rgf2+ 33.Ke1 Rh2 34.Rxb2 Rxb2
35.Rc7 Rxb6 36.Rxe7 Kf8 37.Rd7 Ke8 38.Ra7 Rb2 39.Ra5 Rg2 40.Rxh5
Rxg3 41.Kf2 Rg7 42.Ke3 Ke7 43.Kd4 f6 44.h4 Ke6 45.Rh6 Rc7 46.Ke3
Rg7 47.Kf4 Re7 48.Rh5 Rc7 49.Ra5 Rg7 50.Rh5 Rc7 51.Ra5 Rg7 52.Rh5 1/2-1/2

[Event "Washington Open Championship"]
[Site "Seattle, WA"]
[Date "2014.05.25"]
[Round "2"]
[White "Mayer Jacob  (WA)"]
[Black "Wade James  (WA)"]
[Result "1-0"]
[WhiteElo "1520"]
[BlackElo "1255"]
[Annotator ""]
[Source ""]
[Remark "Reserve"]

1.e4 d6 2.d4 Nf6 3.Nc3 g6 4.Bc4 Bg7 5.Qe2 O-O 6.h3 c6 7.e5 dxe5
8.dxe5 Nd5 9.Bd2 Bf5 10.O-O-O Nxc3 11.Bxc3 Qc8 12.Nf3 Be6 13.Bb4
Bxc4 14.Qxc4 Re8 15.Ng5 e6 16.f4 h6 17.Ne4 Bf8 18.Nf6+ Kg7 19.Nxe8+
Qxe8 20.g4 Na6 21.Bxf8+ Qxf8 22.Rhf1 Nc7 23.f5 g5 24.Rd7 Nd5
25.fxe6 Kg8 26.exf7+ Kg7 27.e6 Nb6 28.Qd4+ Kh7 29.e7 1-0

[Event "Washington Open Championship"]
[Site "Seattle, WA"]
[Date "2014.05.25"]
[Round "3"]
[White "He Anthony  (WA)"]
[Black "Arganian David (WA)"]
[Result "1/2-1/2"]
[WhiteElo "1985"]
[BlackElo "2008"]
[Annotator ""]
[Source ""]
[Remark "Open"]

1.e4 c6 2.d4 d5 3.e5 Bf5 4.Be3 e6 5.Nd2 Nd7 6.Ngf3 Qc7 7.Be2
c5 8.c4 b6 9.O-O Ne7 10.Rc1 Qb7 11.Qb3 Rb8 12.cxd5 Nxd5 13.dxc5
Nxc5 14.Bxc5 bxc5 15.Qxb7 Rxb7 16.Nb3 Nf4 17.Bc4 Nd3 18.Rc3 Nxb2
19.Ba6 Rb6 20.Nxc5 Bxc5 21.Rxc5 O-O 22.Be2 Rfb8 {%08DA} 23.Ra5
R6b7 24.Nd4 Bd3 25.Bxd3 Nxd3 26.g3 Nb2 27.Rb1 Ra8 28.Nc6 a6 29.f4
Kf8 30.Rc5 Na4 31.Rxb7 Nxc5 32.Rb4 Ke8 33.Nd4 Rd8 34.Rc4 Rd5
35.Kf2 Nd3+ 36.Ke3 Nb2 37.Rb4 Nd1+ 38.Kd2 Nf2 39.Ke2 Ne4 40.Ke3
Nc5 41.Rb8+ Kd7 42.h4 h5 43.Ra8 g6 44.a3 Ke7 45.Nc6+ Kd7 46.Nb4
Rd1 47.Ke2 Rg1 48.Kf2 Ra1 49.Nxa6 Nxa6 50.Rxa6 Ke8 51.a4 Kd7
52.Kf3 Ke8 53.Ra7 Kf8 54.a5 Ra3+ 55.Kf2 Ra2+ 56.Kf3 Ra3+ 57.Kg2
Ra2+ 58.Kh3 Ra3 59.a6 Kg7 60.Ra8 Kh7 61.a7 Kg7 62.Kg2 Ra1 63.Kf3
Ra3+ 64.Ke4 Ra4+ 65.Kd3 Ra3+ 66.Kc4 Ra1 67.Kc5 Rc1+ 68.Kd6 Rd1+
69.Ke7 Ra1 70.Rd8 Rxa7+ 71.Rd7 Rxd7+ 72.Kxd7 Kh7 73.Ke7 Kg7 74.Kd6
Kh7 75.Kc5 Kh8 76.Kd6 Kh7 77.Kd7 Kh8 78.Kd8 Kh7 79.Ke8 Kg8 80.Ke7
Kg7 81.Kd6 Kh7 82.Kd7 Kh8 83.Kd8 Kh7 84.Ke7 Kg7 85.Kd6 1/2-1/2

[Event "Washington Open Championship"]
[Site "Seattle, WA"]
[Date "2014.05.25"]
[Round "3"]
[White "Barua Aniruddha  (WA)"]
[Black "Petrov Oscar  (WA)"]
[Result "0-1"]
[WhiteElo "887"]
[BlackElo "1183"]
[Annotator ""]
[Source ""]
[Remark "Booster"]

1.e4 c5 2.Nf3 d6 3.Bb5+ Bd7 4.Bxd7+ Nxd7 5.O-O g6 6.c3 Ngf6 7.Re1
Bg7 8.d3 O-O 9.Be3 Kh8 10.Qd2 Ng8 11.Na3 a6 12.Nc2 b5 13.d4 c4
14.a4 Qc7 15.h3 Rfd8 16.Nh2 Ndf6 17.f3 Nh5 18.Ng4 d5 19.axb5
axb5 20.Rxa8 Rxa8 21.exd5 Qd6 22.Nb4 Ngf6 23.Ne5 Kg8 24.g4 Ng3
25.Bf4 Nxd5 26.Nxd5 Qxd5 27.Bxg3 f6 28.Nxg6 hxg6 29.Rxe7 Qxf3
30.Qg2 Ra1+ 31.Kh2 Qd3 32.h4 Rc1 33.Re2 g5 34.h5 Bf8 35.Qd5+
Kg7 36.Qb7+ Kh8 37.Qg2 b4 38.Rd2 Qh7 39.d5 bxc3 40.bxc3 Rxc3
41.d6 Qd7 42.Qe4 Rc1 43.Kg2 c3 44.Rc2 Rxc2+ 45.Qxc2 Qc6+ 46.Kh3
Qh1+ 47.Qh2 0-1

[Event "Washington Open Championship"]
[Site "Seattle, WA"]
[Date "2014.05.25"]
[Round "4"]
[White "Hasuike Mike  (OR)"]
[Black "Lai James  (WA)"]
[Result "1/2-1/2"]
[WhiteElo "1500"]
[BlackElo "1409"]
[Annotator ""]
[Source ""]
[Remark "Reserve"]

1.d4 d5 2.c3 Nf6 3.e3 Bf5 4.Bd3 Bg6 5.Bxg6 hxg6 6.Nd2 e6 7.f4
Bd6 8.Ngf3 Nbd7 9.Qc2 c6 10.b3 Qc7 11.O-O O-O-O 12.g3 Rh5 13.Qd3
Rdh8 14.Rf2 Ng4 15.Rg2 Be7 16.Nf1 R5h6 17.Ne5 Ndxe5 18.fxe5 f6
19.e4 dxe4 20.Qxe4 f5 21.Qe2 Rh5 22.Qc4 Qd7 23.Qa4 Kb8 24.Be3
Qc7 25.d5 Nxe3 26.Nxe3 cxd5 27.Rd1 Qxe5 28.Rc1 Qd6 29.Nf1 Qc7
30.c4 dxc4 31.Rxc4 {
 Between 28.Rc1 and 31....Qd6, there appear to be some moves missing from the
only scoresheet I received.  This recreation fits with the moves that followed
(otherwise a check was given through an intervening knight and a rook passed
right through a pawn just before the draw), but may not be the real thing.}
Qd6 32.Rgc2 Qb6+ 33.Kh1 Rd8 34.Qd7 Rhh8 35.Qxe7 Rhg8 36.Rc7 1/2-1/2

[Event "Washington Open Championship"]
[Site "Seattle, WA"]
[Date "2014.05.25"]
[Round "4"]
[White "Wang Michael  (WA)"]
[Black "Kenney Jason  (CAN)"]
[Result "1/2-1/2"]
[WhiteElo "2192"]
[BlackElo "2060"]
[Annotator ""]
[Source ""]
[Remark "Open"]

1.c4 c5 2.Nc3 Nc6 3.g3 g6 4.Bg2 Bg7 5.a3 a6 6.Rb1 Rb8 7.b4 cxb4
8.axb4 b5 9.cxb5 axb5 10.Nf3 e5 11.d4 Nxd4 12.Nxd4 exd4 13.Nd5
Bb7 14.Bf4 Bxd5 15.Bxd5 Ne7 16.Qb3 Nxd5 17.Qxd5 d6 18.Bxd6 Rb6
19.Qe4+ Kd7 20.Bc5 Re6 21.Qb7+ Qc7 22.Qxb5+ Qc6 23.Qxc6+ Kxc6
24.Kd2 Rhe8 25.Rhe1 Rf6 26.f4 Rfe6 27.Ra1 Kd5 28.Ra7 Re3 29.Rxf7
Ra8 30.Ra7 Rxa7 31.Bxa7 Ra3 32.Bc5 d3 33.Rc1 dxe2 34.Rc2 h5 35.Kxe2
h4 36.Kf2 Rb3 37.Rd2+ Ke4 38.Kg2 hxg3 39.hxg3 Bc3 40.Rd6 g5 41.Re6+
Kf5 42.Re2 gxf4 43.Rf2 Rb2 44.Rxb2 1/2-1/2